000 00553nam a2200181Ia 4500
008 100920s9999 xx 000 0 und d
082 _b57560
_a28 व 7 थ 71
100 _aSINGH KARTAR.
245 _aSTORIES FROM SIKH HISTORY BOOK -I.
260 _bHemkunt Press,New Delhi.
_c1971
300 _a108
_bसाधी
365 _b13
520 _aबा.वि.स्टोरी.
630 _aSTORIES FROM SIKH HISTORY BOOK -I.
650 _aबा.वि.स्टोरी.
730 _aSTORIES FROM SIKH HISTORY BOOK -I.
942 _cBOOK
999 _c701375
_d701372